Operating systems :[ A Practical Approach ] / (Record no. 1119)

MARC details
000 -LEADER
Fixed length control field 00495nam a2200181 4500
003 - CONTROL NUMBER IDENTIFIER
Control field SEACOMMC
005 - DATE AND TIME OF LATEST TRANSACTION
Control field 20250506123311.0
008 - FIXED-LENGTH DATA ELEMENTS--GENERAL INFORMATION
Fixed length control field 250305b |||||||| |||| 00| 0 eng d
020 ## - INTERNATIONAL STANDARD BOOK NUMBER / ISBN
International Standard Book Number 81-219-3164-9
Price Rs.250.00
040 ## - CATALOGING SOURCE
Original cataloging agency SEACOMMC
082 ## - DEWEY DECIMAL CLASSIFICATION NUMBER
Classification number 005.43
Book Number C 549
100 ## - MAIN ENTRY--PERSONAL NAME
Personal name Chopra, Rajiv
245 1# - TITLE STATEMENT
Title Operating systems :[ A Practical Approach ] /
Statement of responsibility Rajiv Chopra
250 ## - EDITION STATEMENT
Edition statement rev.ed.
260 ## - IMPRINT
Place of publication New Delhi
Name of publisher S. Chand Publishing
Date of publication 2009
650 ## - SUBJECT ADDED ENTRY--TOPICAL TERM
Topical term Computer Science
942 ## - ADDED ENTRY ELEMENTS (KOHA)
Koha item type Books
Holdings
Withdrawn status Lost status Source of classification Damaged status Not for loan Home library Current library Shelving location Date acquired Total Checkouts Call number Accession number Date last seen Price effective from Koha item type Copy number
    Dewey Decimal Classification     SEACOM MANAGEMENT COLLEGE SEACOM MANAGEMENT COLLEGE Reference 16/09/2009   005.43 C 549 M-2427 05/03/2025 05/03/2025 Reference Books  
    Dewey Decimal Classification     SEACOM MANAGEMENT COLLEGE SEACOM MANAGEMENT COLLEGE   16/09/2009   005.43 C 549 M-2428 05/03/2025 05/03/2025 Books 1
    Dewey Decimal Classification     SEACOM MANAGEMENT COLLEGE SEACOM MANAGEMENT COLLEGE   16/09/2009   005.43 C 549 M-2429 05/03/2025 05/03/2025 Books 2
    Dewey Decimal Classification     SEACOM MANAGEMENT COLLEGE SEACOM MANAGEMENT COLLEGE   16/09/2009   005.43 C 549 M-2430 05/03/2025 05/03/2025 Books 3
    Dewey Decimal Classification     SEACOM MANAGEMENT COLLEGE SEACOM MANAGEMENT COLLEGE   16/09/2009   005.43 C 549 M-2431 05/03/2025 05/03/2025 Books 4
© Seacom Engineering College, All rights reserved.    Powered by Koha